Celebrities by Birthplace Quiz Stats

 Plays Quiz Updated Aug 6, 2017

Support Sporcle.
Go Orange.
Score 0/24 Timer 05:00
3 Plays Today
Question Answer Wrong Answers
Will Smith United States
93.3%
United Kingdom
0.7%
Canada
0.6%
Australia
0.1%
Benedict Cumberbatch United Kingdom
89.5%
United States
1.8%
Canada
1.3%
Australia
1.9%
Adele United Kingdom
89.3%
United States
2.7%
Canada
1.6%
Australia
1.2%
CĂ©line Dion Canada
87.5%
United States
3.6%
United Kingdom
2.2%
Australia
1.3%
Taylor Swift United States
87.4%
United Kingdom
1.6%
Canada
5.2%
Australia
0.5%
Matt Damon United States
86.8%
United Kingdom
2.6%
Canada
3.8%
Australia
1.3%
Mark Wahlberg United States
86.5%
United Kingdom
1.5%
Canada
5%
Australia
1.4%
Jennifer Lawrence United States
85.6%
United Kingdom
2.7%
Canada
5%
Australia
1.2%
Harry Styles United Kingdom
84.3%
United States
5.7%
Canada
2.6%
Australia
2%
Ed Sheeran United Kingdom
83.7%
United States
5.8%
Canada
3.5%
Australia
1.7%
Hugh Jackman Australia
82.3%
United States
3.8%
United Kingdom
6.5%
Canada
2%
Emily Blunt United Kingdom
78.5%
United States
8.8%
Canada
3.1%
Australia
4.1%
Bruno Mars United States
77.2%
United Kingdom
6.1%
Canada
9.7%
Australia
1.8%
Jim Carrey Canada
70.6%
United States
22.7%
United Kingdom
1%
Australia
0.5%
Chris Hemsworth Australia
70.4%
United States
10.5%
United Kingdom
10.7%
Canada
3%
Tom Hardy United Kingdom
67.3%
United States
14.4%
Canada
4.1%
Australia
8.9%
Iggy Azalea Australia
59.8%
United States
17.7%
United Kingdom
11.1%
Canada
5.9%
Ryan Gosling Canada
59.2%
United States
30.6%
United Kingdom
2.7%
Australia
2.1%
Michael J. Fox Canada
55.8%
United States
37.1%
United Kingdom
1.2%
Australia
0.5%
Cate Blanchett Australia
47.6%
United States
6.9%
United Kingdom
37.1%
Canada
3.1%
Sia Australia
45.2%
United States
20.5%
United Kingdom
19.1%
Canada
9.7%
Rachel McAdams Canada
44.2%
United States
33.4%
United Kingdom
9.8%
Australia
7.2%
Donald Sutherland Canada
43%
United States
32.5%
United Kingdom
15.4%
Australia
3.7%
Simon Baker Australia
26.7%
United States
12%
United Kingdom
48.2%
Canada
7.6%

You're not logged in!

Compare scores with friends on all Sporcle quizzes.
OR
Log In
Forgot?

From the Vault

Countries: After 'K'

by eyes355

For reasons we cannot fathom or explain, we are somewhat obsessed with the letter K this week.
Remove Ads.
Support Sporcle.
Get the best of Sporcle when you Go Orange. This ad-free experience offers more features, more stats, and more fun while also helping to support Sporcle. Thank you for becoming a member.

Show Comments

Extras

Top Quizzes Today


Score Distribution

Your Account Isn't Verified!

In order to create a playlist on Sporcle, you need to verify the email address you used during registration. Go to your Sporcle Settings to finish the process.

Report this User

Report this user for behavior that violates our Community Guidelines.

Details: